[Event "Golden Cleopatra op 3rd"]
[Site "Cairo"]
[Date "1999.04.14"]
[Round "4"]
[White "Afifi, Assem"]
[Black "Sameeh, Hany"]
[Result "1-0"]
[WhiteElo "2311"]
[BlackElo "2260"]

1.Nf3 d5 2.g3 Nf6 3.Bg2 e6 4.O-O c5 5.d3 Be7 6.Nbd2 O-O 7.e4 Nc6 8.e5 Nd7
9.Re1 Re8 10.Nf1 b5 11.h4 a5 12.c3 Ba6 13.Bf4 Bf8 14.Bh3 b4 15.N1h2 a4 16.a3 bxc3
17.bxc3 Na5 18.Ng4 Nb3 19.Ra2 Rb8 20.Ng5 Qa5 21.Rc2 h6 22.Nf3 Qb5 23.Bf1 Na5
24.Bc1 Qc6 25.Nd2 Rb6 26.c4 dxc4 27.Bg2 Qc7 28.Nxc4 Nxc4 29.dxc4 Rb3 30.Qe2 Bb7
31.Bxb7 Qxb7 32.Rd1 Nb6 33.Bxh6 Rxa3 34.Bc1 Rb3 35.h5 Ra8 36.h6 a3 37.hxg7 Bxg7
38.Rcd2 Qf3 39.Rd8+ Rxd8 40.Rxd8+ Bf8 41.Nf6+ Kg7 42.Qd2  1-0

[Event "St Petersburg-ch"]
[Site "St Petersburg"]
[Date "1999.04.14"]
[Round "9"]
[White "Loginov, Valery A"]
[Black "Ignatiev, Alexander"]
[Result "1-0"]
[WhiteElo "2532"]
[BlackElo "2291"]

1.Nf3 d5 2.g3 c6 3.Bg2 Bf5 4.c4 e6 5.cxd5 exd5 6.O-O Nf6 7.d3 Be7 8.Qc2 O-O
9.Nc3 a5 10.e4 Bg6 11.Nh4 Na6 12.Nxg6 hxg6 13.e5 Nd7 14.d4 Nc7 15.Be3 Nb6
16.b3 Qd7 17.Rab1 Qe6 18.h4 Qg4 19.Ne2 Nb5 20.f3 Qf5 21.Qd1 a4 22.Qd2 axb3
23.axb3 Ra3 24.Kh2 g5 25.Bh3 Qh7 26.hxg5 Rfa8 27.Rb2 Ra1 28.Rxa1 Rxa1 29.e6 fxe6
30.Nf4 Bxg5 31.Kg2 Kh8 32.Nxe6 Bf6 33.Nf4 Be7 34.Ra2 Rxa2 35.Qxa2 Na3 36.Bf2 Qc2
37.Qxc2 Nxc2 38.Ng6+ Kh7 39.Nxe7 Na1 40.b4  1-0

[Event "Golden Cleopatra op 3rd"]
[Site "Cairo"]
[Date "1999.04.16"]
[Round "6"]
[White "El Ghazali, Youssef M"]
[Black "Tahan, Sabri"]
[Result "1/2-1/2"]
[WhiteElo "2312"]
[BlackElo "2253"]

1.Nf3 d5 2.g3 Nf6 3.Bg2 c6 4.O-O Bf5 5.d3 h6 6.c4 e6 7.cxd5 exd5 8.Nd4 Bg6
9.e4 dxe4 10.dxe4 Bc5 11.Be3 Qe7 12.e5 Nd5 13.Bxd5 cxd5 14.Nc3 Bxd4 15.Bxd4 O-O
16.Nxd5 Qd7 17.Bc5 Re8 18.Re1 Kh8 19.Bd6 Na6 20.Qd2 Rac8 21.Rac1 Rxc1 22.Qxc1 Kh7
23.Qd2 b6 24.b3 Rd8 25.Nf4 Bf5 26.Qe3 Re8 27.h3 Nc7 28.g4 Be6 29.Rc1 Nb5
30.Nxe6 Rxe6 31.Qe4+ Kg8 32.Qc6 Qxc6 33.Rxc6 Nd4 34.Rc8+ Kh7 35.Rc7 Nf3+
36.Kg2 Nxe5 37.Bxe5 Rxe5 38.Rxa7 f5 39.Ra6 b5 40.Kg3 fxg4 41.hxg4 Rc5 42.Kf4 b4
43.Ke4 h5 44.gxh5 Rxh5 45.Ra4 Rb5 46.Kd4 g5 47.Ra6 Rf5 48.Ke3 Kg7 49.Rd6 Re5+
50.Kf3 Rf5+ 51.Kg3 Rf4 52.f3 Kf7 53.Rc6 Rd4 54.Rc4 Rd2 55.Kg4 Kf6 56.Rc6+ Ke5
57.Kxg5 Rg2+ 58.Kh4 Kf4 59.Rf6+ Ke3 60.f4 Rxa2 61.Kg5 Rb2 62.Rd6 Ke4 63.f5 Rxb3
64.f6 Ke5 65.Rb6 Rf3 66.Kg6 Rg3+ 67.Kf7 b3 68.Ke7 Kd5 69.f7 Re3+ 70.Kf6 Rf3+
71.Kg7 Kc4 72.Rc6+ Kb4 73.Rf6 Rg3+ 74.Kf8 Rc3 75.Ke7 Rc7+ 76.Ke6 Rxf7 77.Rxf7 Kc3
78.Kd5 b2 79.Rf3+ Kc2 80.Kc4 b1=Q 81.Rf2+ Kc1 82.Rf1+ Kc2 83.Rxb1 Kxb1  1/2-1/2

[Event "ISR-chT"]
[Site "Israel"]
[Date "1999.04.16"]
[Round "8"]
[White "Polgar, Sofia"]
[Black "Pitam, Ela"]
[Result "1-0"]
[WhiteElo "2505"]
[BlackElo "2315"]

1.Nf3 d5 2.g3 c6 3.Bg2 Bg4 4.O-O Nd7 5.d4 Ngf6 6.Nbd2 e6 7.b3 Be7 8.Bb2 O-O
9.c4 a5 10.a3 Re8 11.Re1 Bf8 12.e4 dxe4 13.Nxe4 Nxe4 14.Rxe4 Nf6 15.Re3 Qb6
16.h3 Bxf3 17.Qxf3 Red8 18.Re5 Rd7 19.h4 Rad8 20.Bh3 Rxd4 21.Bxd4 Qxd4 22.Ree1 Qb2
23.Reb1 Qc2 24.Rd1 Rxd1+ 25.Rxd1 a4 26.bxa4 Qxc4 27.Rd8 Qc1+ 28.Kg2 Qc4 29.Rb8 Qxa4
30.Rxb7 Bxa3 31.g4 Qe4 32.Rc7 Qxf3+ 33.Kxf3 Kf8 34.Rxc6 Nd5 35.Rc8+ Ke7 36.g5 h6
37.Ra8 Bb2 38.Ra7+ Kf8 39.g6 f5 40.Bf1 Bf6 41.h5 Be5 42.Rf7+ Ke8 43.Bd3 Ne7
44.Bb5+ Kd8 45.Ba4 Bf6 46.Rf8+ Kc7 47.Bb3 Kd6 48.Kg3 Nc6 49.Ba4 Ne7 50.Rd8+ Kc5
51.Rd7 Nd5 52.Kf3 Be5 53.Bb3 Kc6 54.Ra7 Nc7 55.Ke2 Nb5 56.Ba4 Kb6 57.Re7 Nc7
58.Bb3 Bf6 59.Rf7 Bb2 60.Kd3 Kc6 61.Ba4+ Kb6 62.Kc4 Nd5 63.Bd1 Kc6 64.Bf3 Kd6
65.Bxd5 exd5+ 66.Kb3 Be5 67.Rxf5 Ke6 68.Rf7 Bf6 69.Kb4 d4 70.Kc4 Ke5 71.Kd3 Kf5
72.f4  1-0

[Event "ROM-chT"]
[Site "Sovata"]
[Date "1999.04.16"]
[Round "1"]
[White "Istratescu, Andrei"]
[Black "Sanduleac, Vasile"]
[Result "1-0"]
[WhiteElo "2549"]
[BlackElo "2443"]

1.Nf3 d5 2.g3 c6 3.Bg2 Bg4 4.O-O Nd7 5.d3 Ngf6 6.Nbd2 e6 7.h3 Bxf3 8.Nxf3 Qc7
9.Qe1 Bc5 10.b4 Bd6 11.c4 a5 12.c5 Be7 13.Bf4 e5 14.Nxe5 Nxe5 15.d4 Nfd7
16.e4 g5 17.Bxe5 Nxe5 18.exd5 cxd5 19.dxe5 axb4 20.Bxd5 Bxc5 21.Rc1 O-O 22.Qd2 h6
23.Qc2  1-0

[Event "ROM-chT"]
[Site "Sovata"]
[Date "1999.04.16"]
[Round "2"]
[White "Badea, Bela"]
[Black "Pavlov, Mircea"]
[Result "1-0"]
[WhiteElo "2479"]
[BlackElo "2372"]

1.Nf3 d5 2.g3 Bg4 3.Bg2 Nd7 4.d4 e6 5.O-O Bd6 6.Nbd2 f5 7.c4 c6 8.Qb3 Rb8
9.Qe3 Qf6 10.cxd5 cxd5 11.Nb3 Bxf3 12.Qxf3 Ne7 13.Bf4 Bxf4 14.Qxf4 Nc6 15.Rfc1 O-O
16.Qd2 Nb6 17.e3 Nc4 18.Qe2 Qe7 19.Nc5 Rbc8 20.h4 Rc7 21.Rc3 Rfc8 22.Nd3 Nd6
23.Rac1 Nd8 24.R3c2 N8f7 25.Nf4 Rxc2 26.Rxc2 Rxc2 27.Qxc2 Qd7 28.Qd1 Nd8
29.g4 Qe7 30.g5 Qd7 31.Qb3 Nc4 32.Qc2 Qc6 33.h5 Kf7 34.g6+ hxg6 35.Nxg6 Kf6  1-0

[Event "ROM-chT"]
[Site "Sovata"]
[Date "1999.04.17"]
[Round "2"]
[White "Foisor, Cristina Adela B"]
[Black "Moshina, Cristina"]
[Result "1-0"]
[WhiteElo "2370"]
[BlackElo "2202"]

1.Nf3 d5 2.g3 Nf6 3.Bg2 e6 4.O-O Be7 5.c4 O-O 6.d4 b6 7.Nc3 Bb7 8.Ne5 Nbd7
9.Qa4 Nxe5 10.dxe5 Ne4 11.cxd5 Nxc3 12.bxc3 exd5 13.c4 c6 14.cxd5 cxd5 15.Bb2 Qc7
16.Rac1 Bc5 17.Rfd1 Rad8 18.e3 Rd7 19.h4 Rfd8 20.Bd4 a6 21.Qc2 Qb8 22.Bxc5 bxc5
23.Qxc5 Qxe5 24.Qa5 Qb8 25.Rd4 f5 26.Rb1 Qa8 27.Rb6 Rd6 28.Rxd6 Rxd6 29.Qc7 Rd8
30.h5 Bc6 31.h6 gxh6 32.Qf4 Rf8 33.Qxh6 Qb7 34.Qe6+ Kh8 35.Qd6 Rc8 36.Bxd5 Bxd5
37.Qe5+ Qg7 38.Rxd5 Rc1+ 39.Kg2 Qxe5 40.Rxe5 Rc2 41.Ra5  1-0

[Event "St Quentin op"]
[Site "St Quentin"]
[Date "1999.04.17"]
[Round "1"]
[White "Giffard, Nicolas"]
[Black "Gidel, Jean Luis"]
[Result "1-0"]
[WhiteElo "2369"]
[BlackElo "2073"]

1.Nf3 d5 2.g3 c6 3.Bg2 Bf5 4.O-O Nf6 5.d3 e6 6.Nbd2 Nbd7 7.e3 Be7 8.Qe2 Qc7
9.Ne1 h5 10.h3 Bg6 11.f4 O-O-O 12.e4 Bc5+ 13.Kh1 dxe4 14.dxe4 Bb6 15.Nd3 e5
16.f5 Bh7 17.Nc4 Rhe8 18.Bg5 Bd4 19.a4 a6 20.a5 Rg8 21.c3 Ba7 22.Rad1 g6
23.Bxf6 Nxf6 24.fxg6  1-0

[Event "BL2-O9899"]
[Site "Germany"]
[Date "1999.04.18"]
[Round "9.2"]
[White "Siepelt, Heiner"]
[Black "Kunze, Carlo"]
[Result "1-0"]
[WhiteElo "2325"]
[BlackElo "2355"]

1.Nf3 d5 2.g3 Nf6 3.Bg2 e6 4.O-O Be7 5.d3 O-O 6.Nbd2 b6 7.e4 c5 8.Re1 Nc6
9.e5 Nd7 10.Qe2 Qc7 11.h4 Ba6 12.c4 d4 13.Nf1 Rab8 14.N1h2 b5 15.b3 bxc4
16.bxc4 Rb6 17.Bf4 Rfb8 18.Ng5 h6 19.Nh3 Rb2 20.Qh5 Nf8 21.Be4 g6 22.Qxh6 Nxe5
23.Bb7 Qxb7 24.Bxe5 f6 25.Bxb8 Qxb8 26.Nf4 Kf7 27.h5 g5 28.Nxe6 Nxe6 29.Qg6+ Kf8
30.Rxe6 Rb1+ 31.Re1 Rxa1 32.Rxa1 Qc8 33.h6 Qh3 34.h7  1-0

[Event "Bundesliga 9899"]
[Site "Germany"]
[Date "1999.04.18"]
[Round "15.6"]
[White "Sandkamp, Ralph"]
[Black "Schmitz, Joachim"]
[Result "1/2-1/2"]
[WhiteElo "2271"]
[BlackElo "2320"]

1.Nf3 d5 2.g3 c6 3.Bg2 Bg4 4.b3 e6 5.Bb2 Nf6 6.d3 Bc5 7.Nbd2 O-O 8.h3 Bh5
9.e3 Nbd7 10.g4 Bg6 11.Nh4 e5 12.Nxg6 fxg6 13.O-O Qe7 14.c4 h6 15.Qc2 Bd6
16.d4 e4 17.f3 exf3 18.Rxf3 Kh7 19.Re1 Rfe8 20.c5 Bc7 21.a3 Nf8 22.e4 dxe4
23.Nxe4 Nxe4 24.Rfe3 Qg5 25.Rxe4 Rxe4 26.Qxe4 Nd7 27.d5 Rg8 28.dxc6 Nxc5
29.Qe3 Bf4 30.Qe7 Nd3 31.Qxg5 hxg5 32.Re2 Nxb2 33.Rxb2 bxc6 34.Bxc6 Bc1 35.Ra2 Rc8
36.Bd5 Rd8 37.Bc4 a5 38.Kf2 Rd4 39.Ke2 Kh8 40.Bd3 Kg8 41.Bxg6 Kf8 42.Ra1 Bf4
43.Rb1 Bd6 44.a4 Ke7 45.Rc1 Bb4 46.Bd3 Rd6 47.Ke3 Re6+ 48.Kd4 Rd6+ 49.Ke4 Re6+
50.Kf5 Rf6+ 51.Ke4 Re6+ 52.Kf3 Bd2 53.Rd1 Re3+ 54.Kf2 Rxd3 55.Ke2 Rxb3 56.Rxd2  1/2-1/2

[Event "ROM-chT"]
[Site "Sovata"]
[Date "1999.04.18"]
[Round "3"]
[White "Marin, Mihail"]
[Black "Slovineanu, Viceslav"]
[Result "1/2-1/2"]
[WhiteElo "2527"]
[BlackElo "2447"]

1.g3 d5 2.Nf3 c6 3.Bg2 Nf6 4.O-O Bg4 5.d3 Nbd7 6.Nbd2 e5 7.h3 Bxf3 8.Nxf3 Bd6
9.e4 O-O 10.Qe2 Re8 11.b3 Qc7 12.Bb2 Rad8 13.Nh2 dxe4 14.dxe4 Nf8 15.Rfd1 Qe7
16.a4 Ng6 17.Nf1 Qc7 18.Ne3 Bf8 19.Qc4 Rxd1+ 20.Rxd1 Rd8 21.Rd3 Ne8 22.h4 Nd6
23.Qc3 f6 24.Qd2 Be7 25.a5 Nf8 26.b4 g6 27.Qc3 Nb5 28.Qc4+ Kg7 29.c3 Rxd3
30.Qxd3 Qd6 31.Qxd6 Nxd6 32.Kf1 Ne6 33.Ke2 Nc7 34.Kd3 Kf7 35.Bh3 Bf8 36.Nc4 c5
37.Bc1 Nxc4 38.Kxc4 b5+ 39.axb6 axb6 40.Bd7 Ke7 41.Bb5 cxb4 42.cxb4 Ne6 43.Kd5 Nd4
44.Bd3 Kd7 45.Bd2 Kc7 46.Bc3 Kd7 47.f4 Bd6 48.g4 Nf3 49.Bb5+ Ke7 50.g5 fxg5
51.hxg5 Bb8 52.Be2 Nd4 53.Bxd4 exd4 54.e5 Bc7 55.Kxd4 Bd8 56.Kd5 Kf8 57.Kc4 Be7  1/2-1/2

[Event "Golden Cleopatra op 3rd"]
[Site "Cairo"]
[Date "1999.04.19"]
[Round "9"]
[White "Sorial, Hanna"]
[Black "Sameeh, Hany"]
[Result "1/2-1/2"]
[WhiteElo "2266"]
[BlackElo "2260"]

1.Nf3 d5 2.g3 e6 3.Bg2 c5 4.O-O Nc6 5.b3 Be7 6.Bb2 Bf6 7.Nc3 Nge7 8.e3 Nf5
9.Qc1 Nd6 10.Na4 b6 11.c4 Bb7 12.cxd5 exd5 13.d4 cxd4 14.exd4 O-O 15.Ne5 Rc8
16.Qd1 Ne4 17.Rc1 Qd6 18.f4 Be7 19.Re1 f5 20.Qh5 g6 21.Qh6 Bf6 22.Red1 Qe7
23.Bf1 Bg7 24.Qh3 Nb8 25.Bd3 Nd7 26.Qf1 Qe6 27.Rxc8 Rxc8 28.Rc1 Qe8 29.Nc3 a6
30.Nxe4 fxe4 31.Be2 Rxc1 32.Qxc1 Qc8 33.Qd1 Qc7 34.h4 Nf8 35.Bg4 Bc8 36.Be2 b5
37.Qd2 Bf6 38.Kf2 Be7  1/2-1/2

[Event "Golden Cleopatra op 3rd"]
[Site "Cairo"]
[Date "1999.04.19"]
[Round "9"]
[White "El Ghazali, Youssef M"]
[Black "Mohamed, Esam Ahmed Nagib"]
[Result "0-1"]
[WhiteElo "2312"]
[BlackElo "2458"]

1.g3 d5 2.Nf3 Nf6 3.Bg2 Bf5 4.c4 c6 5.O-O e6 6.d3 Be7 7.cxd5 exd5 8.Nd4 Bc8
9.Nc3 O-O 10.e4 c5 11.Nb3 Bg4 12.f3 Be6 13.e5 Ne8 14.f4 f5 15.d4 c4 16.Nc5 Bxc5
17.dxc5 Nc7 18.Be3 Nc6 19.Ne2 Qe7 20.b4 Nxb4 21.Rb1 Nd3 22.Nd4 Nxc5 23.Nxe6 N5xe6
24.Rxb7 d4 25.Bf2 Rab8 26.Rxa7 Rfd8 27.Qc2 Qc5 28.Ra4 c3 29.Qd3 Qb5 30.Qxb5 Rxb5
31.Rc4 Rc5 32.Rxc5 Nxc5 33.Bf3 N7e6 34.Rd1 d3 35.Rc1 Ne4  0-1

[Event "St Quentin op"]
[Site "St Quentin"]
[Date "1999.04.24"]
[Round "8"]
[White "Krivokapic, Ratko"]
[Black "Labarthe, Arnaud"]
[Result "1-0"]
[WhiteElo "2216"]
[BlackElo "2010"]

1.Nf3 d5 2.g3 c6 3.Bg2 Bg4 4.d3 Nd7 5.Nbd2 e6 6.h3 Bh5 7.O-O Bd6 8.b3 Ne7
9.Bb2 O-O 10.Qe1 Rc8 11.e4 Qa5 12.a3 Qb6 13.Kh1 Bg6 14.Nh4 e5 15.f4 f5 16.fxe5 Bb8
17.exf5 Nxf5 18.Nxf5 Bxf5 19.Qe2 Rce8 20.g4 Bxe5 21.Rxf5 Bf6 22.Qf3 Bxb2
23.Rf1 Qd8 24.a4 Bc3 25.Nb1 Bf6 26.Qf2 a6 27.Nd2 Bh4 28.Qd4 Rxf5 29.Rxf5 Bf6
30.Qf2 Qe7 31.Nf1 Qe2 32.Qa7 g6 33.Rf2 Qe7 34.Qxb7 Bd4 35.Rf4 Be5 36.Rf3 Qe6
37.Qxa6 Bc7 38.Qa7 Bb6 39.Qa6 Bd4  1-0

[Event "POL-ch"]
[Site "Polanica Zdroj"]
[Date "1999.04.27"]
[Round "5"]
[White "Urban, Klaudiusz"]
[Black "Staniszewski, Piotr"]
[Result "1/2-1/2"]
[WhiteElo "2444"]
[BlackElo "2454"]

1.g3 d5 2.Nf3 Nf6 3.Bg2 g6 4.c4 Bg7 5.O-O O-O 6.cxd5 Nxd5 7.d4 Nb6 8.Nc3 Nc6
9.d5 Na5 10.e4 c6 11.Bf4 cxd5 12.exd5 Nac4 13.Qe2 Nxb2 14.Qxb2 Na4 15.Nxa4 Bxb2
16.Nxb2 Qxd5 17.Rfe1 Qb5 18.Nd1 Re8 19.Nc3 Qa5 20.Rac1 f6 21.Nd2 g5 22.Nb3 Qa6
23.Bf1 Qa3 24.Be3 b6 25.Nb5 Qa4 26.Nc7 Bb7 27.Nd2 Red8 28.Nxa8 Bxa8 29.Rc7 Kf8
30.Bc4 Bd5 31.Bb3 Qa5 32.Bxd5 Rxd5 33.Rc2 Kf7 34.Rec1 Qa4 35.Nb3 Qg4 36.Rd2 Rxd2
37.Nxd2 Qa4 38.Ra1 Qa3 39.Nc4 Qa4 40.Nd2 Qa3 41.Nc4 Qa4  1/2-1/2

[Event "POL-ch"]
[Site "Polanica Zdroj"]
[Date "1999.04.28"]
[Round "6"]
[White "Urban, Klaudiusz"]
[Black "Kempinski, Robert"]
[Result "1/2-1/2"]
[WhiteElo "2444"]
[BlackElo "2533"]

1.g3 d5 2.Nf3 Nf6 3.Bg2 g6 4.c4 Bg7 5.O-O dxc4 6.Na3 O-O 7.Nxc4 c5 8.d4 Be6
9.Nce5 cxd4 10.Qxd4 Qxd4 11.Nxd4  1/2-1/2

[Event "Bois Colombes"]
[Site "Bois Colombes"]
[Date "1999.04.29"]
[Round "5"]
[White "Velikov, Petar"]
[Black "Sallen, Laurent"]
[Result "1-0"]
[WhiteElo "2492"]
[BlackElo "2210"]

1.Nf3 d5 2.g3 Nf6 3.Bg2 c6 4.O-O Bf5 5.d3 h6 6.c4 e6 7.cxd5 cxd5 8.Qb3 Qb6
9.Qxb6 axb6 10.Nc3 Nc6 11.Nb5 Rc8 12.Be3 Nd7 13.Rfe1 e5 14.Nh4 Be6 15.f4 g5
16.fxg5 hxg5 17.Bxg5 Rg8 18.Be3 Be7 19.Rf1 d4 20.Bd2 Nc5 21.Nf5 Kd7 22.b4 Na4
23.a3 Bg5 24.Bxg5 Rxg5 25.Nfd6 Rf8 26.Rac1 Nc3 27.Nxc3 dxc3 28.Ne4 Rg6 29.Rxc3 f5
30.e3  1-0

[Event "Bois Colombes"]
[Site "Bois Colombes"]
[Date "1999.04.29"]
[Round "6"]
[White "Krivokapic, Ratko"]
[Black "Gervasio, Ricardo"]
[Result "0-1"]
[WhiteElo "2216"]
[BlackElo "2369"]

1.Nf3 d5 2.g3 Nf6 3.Bg2 Bf5 4.b3 c5 5.Bb2 Nc6 6.O-O e6 7.d3 Be7 8.Nbd2 O-O
9.Nh4 Bg4 10.h3 Bh5 11.g4 Ne8 12.Nhf3 Bg6 13.e4 Nc7 14.Re1 f5 15.gxf5 exf5
16.exd5 Nxd5 17.Ne5 Nf4 18.Bxc6 Nxh3+ 19.Kf1 Nxf2 20.Qf3 Ne4 21.Qg2 bxc6
22.dxe4 fxe4+ 23.Kg1 c4 24.Nxe4 Bxe4 25.Qxe4 Bc5+ 26.Kh1 Qg5 27.Qxc4+ Kh8
28.Re2 Bf2 29.Qg4 Qh6+ 30.Kg2 Rf4 31.Nf7+ Rxf7 32.Rxf2 Rxf2+ 33.Kxf2 Qh2+
34.Kf3 Rf8+ 35.Ke3 Qf2+ 36.Kd3 Rf3+ 37.Kc4 Rf4+ 38.Qxf4 Qxf4+ 39.Bd4 Kg8
40.Rg1 g5 41.c3 Qf5 42.b4 h5 43.Kb3 h4 44.Re1 h3 45.Re5 Qg6  0-1

[Event "Dubai op"]
[Site "Dubai"]
[Date "1999.05.02"]
[Round "2"]
[White "Ibrahimov, Rasul"]
[Black "Othman, Rabeea"]
[Result "1/2-1/2"]
[WhiteElo "2378"]
[BlackElo "2087"]

1.Nf3 d5 2.g3 c6 3.Bg2 Nf6 4.O-O Bf5 5.b3 Nbd7 6.Bb2 Qc7 7.c4 dxc4 8.bxc4 e5
9.d3 Be7 10.Nbd2 h6 11.Qc2 O-O 12.Rab1 Rfe8 13.Bc3 Bd6 14.Nh4 Bh7 15.Rfd1 Nf8
16.Nb3 Ne6 17.Nf3 Nd7 18.Nfd2 Rac8 19.Ne4 Bf8 20.Na5 Nd8 21.a4 b6 22.Nb3 Kh8
23.Ned2 Nb7 24.a5 b5 25.a6 Nbc5 26.Ba5 Qb8 27.Nxc5 Nxc5 28.Qa2 Nxa6 29.cxb5 cxb5
30.Qxf7 Rc2 31.Qb7 Qxb7 32.Bxb7 Nc7 33.Bxc7 Rxc7 34.Rxb5 Rc2 35.Ra5 Bb4 36.Rxa7 Bxd2
37.Bf3 Rc1 38.Rxc1 Bxc1 39.Kg2 e4 40.dxe4 Bxe4 41.Bxe4 Rxe4 42.Kf3 Re6 43.h4 Bb2
44.Rd7 Bc3 45.e3 Bb4 46.h5 Kg8 47.Rb7 Bc5 48.g4 Rf6+ 49.Ke2 Rb6 50.Rd7 Rb2+
51.Kf3 Bb4 52.Rb7 Bc3 53.Rxb2 Bxb2 54.Ke4 Kf7 55.Kf5 Bc1 56.e4 Bd2 57.f4 Be3
58.e5 Bc1 59.g5 Bd2  1/2-1/2

[Event "POL-ch"]
[Site "Polanica Zdroj"]
[Date "1999.05.02"]
[Round "9"]
[White "Markowski, Tomasz"]
[Black "Grabarczyk, Bogdan"]
[Result "1-0"]
[WhiteElo "2549"]
[BlackElo "2380"]

1.g3 d5 2.Nf3 Bg4 3.Bg2 Nd7 4.c4 e6 5.cxd5 exd5 6.O-O c6 7.d3 Ngf6 8.Nc3 Be7
9.h3 Bxf3 10.Bxf3 Nc5 11.e4 dxe4 12.dxe4 O-O 13.Be3 Nfd7 14.Bg2 Ne6 15.Qe2 Bc5
16.Rfd1 Bxe3 17.Qxe3 Re8 18.b4 a6 19.a3 Qe7 20.f4 h5 21.e5 h4 22.Ne4 a5 23.Nd6 axb4
24.Nxe8 Rxe8 25.axb4 hxg3 26.Qxg3 g5 27.fxg5 Nef8 28.e6 Nxe6 29.Qd6 Qxd6
30.Rxd6 Ne5 31.Ra7 Re7 32.Bxc6 Nxg5 33.Bg2 Rc7 34.Rd5 Rc1+ 35.Kh2 Re1 36.Rxb7 Ne6
37.Rd2 Rb1 38.b5 Kg7 39.Re2 Kf6 40.Rf2+ Kg7 41.Rf5 Re1 42.b6 Nd4 43.Rf2 Nb5
44.Ra7 Rb1 45.Re7  1-0

[Event "POL-ch"]
[Site "Polanica Zdroj"]
[Date "1999.05.04"]
[Round "11"]
[White "Markowski, Tomasz"]
[Black "Urban, Klaudiusz"]
[Result "1/2-1/2"]
[WhiteElo "2549"]
[BlackElo "2444"]

1.g3 d5 2.Nf3 g6 3.c4 c6 4.Qa4 Nd7 5.cxd5 cxd5 6.Bg2 Bg7 7.O-O Nf6 8.Nc3 O-O
9.d3 h6 10.Qb3 Nc5 11.Qa3 Ne6 12.e4 Re8 13.e5 Nh7 14.d4 Nc7 15.Be3 Bd7 16.Qb3 Bc6
17.Ne1 e6 18.Nd3 b6 19.a4 Bb7 20.Rfc1 Qd7 21.Bf1 Ba6 22.Na2 Bc4 23.Qc2 Rec8
24.b3 Ba6 25.Qd2 h5 26.Nab4 Bb7 27.a5 Rab8 28.a6 Ba8 29.Rc2 Nb5 30.Rac1 Bf8
31.f4 Na3 32.Rxc8 Rxc8 33.h3 Rxc1 34.Qxc1 Nb5 35.g4 hxg4 36.hxg4 Qc7 37.Qxc7 Nxc7
38.f5 gxf5 39.gxf5 exf5 40.Bh3 Be7 41.Bxf5 Ne6 42.Nc2 Nhf8 43.Kf2 Nd7 44.Ke1 Nb8
45.Ndb4 Kf8 46.Kd2 Ke8 47.Kc3 Kd8 48.Bd3 Nc7 49.Bh6 Nc6 50.Bg7 Nb8 51.Be2 Kd7
52.Bh8 Kd8  1/2-1/2

[Event "NED-ch U20 "]
[Site "Leiden"]
[Date "1999.05.11"]
[Round "9"]
[White "Van Beek, Lucien"]
[Black "Ernst, Sipke"]
[Result "1-0"]
[WhiteElo "2320"]
[BlackElo "2428"]

1.Nf3 d5 2.g3 Nf6 3.Bg2 g6 4.b3 Bg7 5.Bb2 O-O 6.c4 c5 7.cxd5 Nxd5 8.Qc1 b6
9.Bxg7 Kxg7 10.Nc3 Bb7 11.Ne5 f6 12.Nc4 Qd7 13.O-O Na6 14.Rd1 Rfd8 15.a3 Rac8
16.Ne3 Nxe3 17.dxe3 Qc7 18.Nd5 Bxd5 19.Bxd5 Rd6 20.Qc4 Rcd8 21.Rd3 Nb8 22.Qe4 e5
23.Rad1 Nd7 24.Qc4 Kh8 25.e4 Rb8 26.a4 Rd8 27.b4 a5 28.b5 Nf8 29.h4 Qe7 30.Kg2 Qg7
31.Qc1 f5 32.Qe3 Qf6 33.Qf3 Kg7 34.h5 fxe4 35.Qxe4 gxh5 36.Rf3 Qg5 37.Rf5 Qg6
38.Qxe5+ Kh6  1-0

[Event "NOR-chT"]
[Site "Langesund"]
[Date "1999.05.12"]
[Round "1"]
[White "Thorstensen, Trond"]
[Black "Lauvsnes, Arild"]
[Result "0-1"]
[WhiteElo "2265"]
[BlackElo "2270"]

1.Nf3 d5 2.g3 Nf6 3.Bg2 c6 4.O-O Bf5 5.d3 e6 6.Nh4 Bg6 7.Nd2 Be7 8.e4 Nbd7
9.Qe1 Nh5 10.Nhf3 O-O 11.Nb3 Qc7 12.e5 f5 13.Nbd4 Bf7 14.Bg5 Rae8 15.Bxe7 Rxe7
16.Qc3 Qb6 17.a4 a5 18.Ra3 g6 19.Rb1 Ng7 20.Qe1 g5 21.Nb3 g4 22.Nfd4 Ra8
23.Qe3 Bg6 24.Re1 Rf7 25.f4 gxf3 26.Nxf3 Qxe3+ 27.Rxe3 f4 28.gxf4 Rxf4 29.Nbd2 Raf8
30.Ne1 Bh5 31.Rg3 Nxe5 32.Rb3 R8f7 33.Rg5 Ng4 34.Bh3 h6 35.Rxh5 Nxh5  0-1

[Event "Kleve op"]
[Site "Kleve"]
[Date "1999.05.14"]
[Round "3"]
[White "Opalka, Guido"]
[Black "Podzielny, Karl Heinz"]
[Result "1/2-1/2"]
[WhiteElo "2246"]
[BlackElo "2499"]

1.Nf3 d5 2.g3 Nf6 3.Bg2 Bg4 4.O-O Nbd7 5.d3 e6 6.Nbd2 Bc5 7.b3 O-O 8.Bb2 Qe7
9.a3 a5 10.c4 c6 11.Ra2 e5 12.e4 dxe4 13.dxe4 Rad8 14.Qa1 Rfe8 15.Bc3 Bxf3
16.Bxf3 b6 17.Rb1 Nf8 18.b4 Bd4 19.Bxd4 Rxd4 20.bxa5 bxa5 21.Nb3 Rd3 22.Be2 Rd7
23.Nxa5 Nxe4 24.Bf3 Nd2 25.Bxc6 Nxb1 26.Bxd7 Qxd7 27.Qxb1 e4 28.Qe1 Ne6 29.Qxe4 Ng5
30.Qb1 Nf3+ 31.Kg2 Ne1+ 32.Kg1 Qh3 33.f4 Nf3+ 34.Kf2 Nd4 35.Kg1 h5 36.Qf1 Nf3+
37.Kf2 Qg4 38.h3 Qf5 39.Kxf3 Qxa5 40.Re2 Qxa3+ 41.Kg2 Qa8+ 42.Kh2 Rd8 43.Qg2 Qb8
44.h4 Qc8 45.Rc2 Qc5 46.Qf2 Rd4 47.Qe3 f6 48.Rb2 Rxc4 49.Rb8+ Kh7 50.Qd3+ f5
51.Qd1 Kg6 52.Rh8 Rd4 53.Qxh5+ Kf6 54.Qg5+ Kf7 55.Qh5+ Kf6 56.Qg5+ Kf7  1/2-1/2

[Event "Kleve op"]
[Site "Kleve"]
[Date "1999.05.15"]
[Round "4"]
[White "Gutman, Lev"]
[Black "Asendorf, Joachim"]
[Result "1-0"]
[WhiteElo "2470"]
[BlackElo "2210"]

1.Nf3 d5 2.g3 Bg4 3.Bg2 Nd7 4.O-O Ngf6 5.a4 e5 6.a5 Bd6 7.c4 e4 8.Nd4 Be5
9.Nc2 c6 10.Ne3 Be6 11.cxd5 cxd5 12.d4 Bc7 13.Bd2 O-O 14.Qb3 b6 15.a6 Rc8
16.Nc3 Nb8 17.Nb5 Nc6 18.Rfc1 Bb8 19.Rc2 Qd7 20.Rac1 Rfe8 21.Bf1 Ne7 22.Ng2 Rxc2
23.Rxc2 Rc8 24.Rxc8+ Qxc8 25.Qa3 Ng6 26.Nf4 Bd7 27.Nc3 Bxf4 28.Bxf4 Bh3 29.Qd6 Nxf4
30.Qxf4 Bxf1 31.Kxf1 h6 32.Qe5 Qd7 33.Kg2 Kh7 34.h3 h5 35.Qb8 Ne8 36.Qb7 Nf6
37.Qxd7 Nxd7 38.Nxd5 Nb8 39.Nxb6 Nxa6 40.Nc8 Nb4 41.Nxa7 Kg6 42.Nb5 f5 43.f3 exf3+
44.Kxf3 Kf6 45.h4 g5 46.Nc3 g4+ 47.Ke3 Nc2+ 48.Kd3 Ne1+ 49.Kd2 Ng2 50.e3  1-0

[Event "RUS-ch49th (Women)"]
[Site "Moscow"]
[Date "1999.05.15"]
[Round "1"]
[White "Andreeva, Natalija"]
[Black "Mashinskaya, Iulia"]
[Result "1-0"]
[WhiteElo "2254"]
[BlackElo "2354"]

1.Nf3 d5 2.g3 Nf6 3.Bg2 c6 4.O-O Bf5 5.d3 e6 6.Nbd2 Nbd7 7.c4 Be7 8.b3 h6
9.Bb2 a5 10.a3 O-O 11.Rc1 Qb6 12.Rc2 Rfc8 13.Qa1 Qa6 14.Rfc1 Bh7 15.cxd5 exd5
16.Bh3 Rd8 17.e4 dxe4 18.dxe4 Nxe4 19.Bxg7 Nef6 20.Bxh6 Bxc2 21.Rxc2 Qd3
22.Rc4 Qg6 23.Bg5 Nb6 24.Rh4 Rd5 25.Ne4 Rxg5 26.Nfxg5 Qg7 27.Ne6 Qg6 28.Nc7 Rd8
29.Qe5 Rd4 30.Kg2 Nbd5 31.Ne8 Bd8 32.Bf5 Qxf5 33.Qxf5 Nxe8 34.Qg4+ Kf8 35.Rh8+ Ke7
36.Qd1  1-0

[Event "Kleve op"]
[Site "Kleve"]
[Date "1999.05.16"]
[Round "6"]
[White "Gorbatow, Alexej"]
[Black "Asendorf, Joachim"]
[Result "1-0"]
[WhiteElo "2417"]
[BlackElo "2210"]

1.Nf3 d5 2.g3 Nf6 3.Bg2 c5 4.O-O Nc6 5.d4 e6 6.c4 cxd4 7.Nxd4 Be7 8.Nc3 O-O
9.cxd5 exd5 10.Bf4 Bg4 11.h3 Be6 12.Rc1 Qd7 13.Kh2 Rac8 14.Nxc6 bxc6 15.Be5 Rfd8
16.Na4 c5 17.Bxf6 Bxf6 18.Nxc5 Qb5 19.Nd3 Rxc1 20.Qxc1 Bf5 21.Nf4 Bxb2 22.Qc7 Qb6
23.Qxb6 axb6 24.Nxd5 Be6 25.Rb1 Ba3 26.Rd1 Kf8 27.e3 Bc5 28.Rd2 Rd7 29.Bf3 Ra7
30.Kg2 Ra3 31.h4 Ra5 32.Be4 h5 33.Bf3 g6 34.Kf1 Rb5 35.Nf4 Rb1+ 36.Kg2 Bf5
37.Bd5 Bb4 38.Re2 Rd1 39.e4 Bd7 40.Rc2 Bc5 41.Bb3 Bc6 42.Rxc5 Bxe4+ 43.f3 Rd2+
44.Kf1 bxc5 45.fxe4 Rd4 46.Bd5 Rd2 47.Ke1 Rc2 48.Kd1 Rb2 49.Kc1 Rb5 50.Kc2 Ke7
51.Bc4 Ra5 52.e5 Ra3 53.Nd3 f6 54.e6 g5 55.Bb3 Ra5 56.Kc3 Kd6 57.Nf2 gxh4
58.gxh4 f5 59.Nd3 Ra7 60.Nf4 Rg7 61.a4 Rg4 62.Nxh5 Rxh4 63.Ng7 Rh3+ 64.Kb2 Rxb3+
65.Kxb3 f4 66.a5 f3 67.a6 f2 68.Nf5+ Ke5 69.Ne3 Kd4 70.e7  1-0

[Event "Zalakaros Kupa 18th"]
[Site "Zalakaros"]
[Date "1999.05.16"]
[Round "5"]
[White "Tolstikh, Nikolay"]
[Black "Kreindl, Helmut"]
[Result "1-0"]
[WhiteElo "2405"]
[BlackElo "2225"]

1.Nf3 d5 2.g3 Nf6 3.Bg2 e6 4.O-O Be7 5.d3 O-O 6.Nbd2 b6 7.e4 Bb7 8.e5 Nfd7
9.Re1 c5 10.Nf1 Nc6 11.h4 Re8 12.N1h2 Nf8 13.h5 Qc7 14.Bf4 Rac8 15.Qd2 b5
16.Ng4 Red8 17.Bg5 Bxg5 18.Qxg5 Ne7 19.Nh6+  1-0

[Event "RUS-ch49th (Women)"]
[Site "Moscow"]
[Date "1999.05.17"]
[Round "3"]
[White "Andreeva, Natalija"]
[Black "Grabuzova, Tatiana"]
[Result "1/2-1/2"]
[WhiteElo "2254"]
[BlackElo "2281"]

1.Nf3 d5 2.g3 c5 3.Bg2 Nc6 4.d4 e6 5.O-O Bd7 6.c4 dxc4 7.Be3 Nf6 8.dxc5 Nd5
9.Bd4 Nxd4 10.Qxd4 Qf6 11.Ne5 Rc8 12.c6 Bxc6 13.Nxc6 bxc6 14.Qxf6 gxf6 15.Rc1 f5
16.Rxc4 Bg7 17.Nc3 Ke7 18.Nd1 Nb6 19.Rc2 c5 20.Rac1 c4 21.Nc3 Rhd8 22.Nb5 Rd7
23.Na3 Rcd8 24.Nxc4  1/2-1/2

[Event "RUS-ch49th (Women)"]
[Site "Moscow"]
[Date "1999.05.18"]
[Round "4"]
[White "Lopatskaya, Elena P"]
[Black "Zaitseva, Ludmila G"]
[Result "1/2-1/2"]
[WhiteElo "2284"]
[BlackElo "2334"]

1.Nf3 d5 2.g3 Bg4 3.Bg2 c6 4.b3 Nd7 5.Bb2 e6 6.O-O Ngf6 7.d4 Be7 8.c4 O-O
9.Nbd2 h6 10.Ne5 Nxe5 11.dxe5 Nd7 12.h3 Bh5 13.cxd5 cxd5 14.Nf3 Qa5 15.a3 Rac8
16.Rc1 Qb6 17.b4 Bg6 18.Qd2 Qa6 19.Rxc8 Rxc8 20.Rc1 Rxc1+ 21.Bxc1 Nb6 22.Bf1 Nc4
23.Qc3 Qa4 24.Nd2 Qc2 25.Qxc2 Bxc2 26.Nxc4 dxc4 27.Bb2 Be4 28.f3 Bc6 29.e4 b5
30.Kf2 Kf8 31.Ke3 Ke8 32.Bc3 Kd7 33.Be2 g5 34.Bd1 a5 35.Be2 h5 36.Bd1 axb4  1/2-1/2